Nuovo dizionario italiano-latino e latino-italiano. Ad uso delle scuole di latinit?

Gespeichert in:
Bibliographische Detailangaben
1. Verfasser: Perosino, Gian Severino.
Format: Buch
Sprache:Italienisch
Erschienen: Torino Bellardi, Appiotti e Giorsini 1870
Katalog:EDISCO:  Suchergebnis im Bibliothekskatalog
Schulbuchspezifische Eigenschaften:
Tags: Tag hinzufügen
Keine Tags, Fügen Sie den ersten Tag hinzu!
Hinzugefügt zu:30.04.2016
Geändert in:18.10.2017

MARC

LEADER 00000aam a22000007 4500
001 06425
003 OSt
005 20171018095113.0
008 160501s1870 it 000 0 ita
040 |c Gianfranco Bandini - Firenze - CLIO 
041 1 |a ita 
100 1 |a Perosino, Gian Severino. 
245 0 0 |a Nuovo dizionario italiano-latino e latino-italiano. Ad uso delle scuole di latinit? 
260 |a Torino  |b Bellardi, Appiotti e Giorsini  |c 1870 
300 |a XVI, 1335, 1/x ;  
901 |a 7 
942 |2 ddc  |c BK 
546 |a ita 
999 |c 6414  |d 6414 
999 |c edisco:6414  |d 6414